Descentralización y reforma del subsector agua potable y saneamiento /

Guardado en:
Bibliografiske detaljer
Hovedforfatter: Suazo, Javier
Format: Texto
Tags: Tilføj Tag
Ingen Tags, Vær først til at tagge denne postø!

MARC

LEADER 00000 a a2200000 04500
001 14301
003
040
100 |a Suazo, Javier  
245 |a Descentralización y reforma del subsector agua potable y saneamiento /  |c Javier Suazo 
773 |g volumen 3 -4, número 53 -54; páginas 139-162  
999 |c 40156  |d 40156